| 000 | 00538nam a2200217 a 4500 | ||
|---|---|---|---|
| 999 |
_c1855 _d1855 |
||
| 001 | 1855 | ||
| 003 | BD-JhCC | ||
| 005 | 20191001134019.0 | ||
| 008 | 171025s n a|||| ||a| 000 0 eng d | ||
| 035 | _a(BD-JhCC) 1855 | ||
| 040 |
_aBD-JhCC _dBD-JhCC |
||
| 041 | _aeng | ||
| 082 |
_a823.914 _bMEL |
||
| 100 | _aMelville, Herman | ||
| 245 |
_aMoby Dick / _cHerman Melville |
||
| 260 |
_aNewyork : _bNewyork Dodd mead and company , |
||
| 300 |
_a540 p .: _c23 cm . |
||
| 650 | _aWhales Fiction | ||
| 942 |
_2ddc _cBK _02 |
||